000 01363nam a22003857a 4500
003 CHAP
005 20220817042013.0
008 971013s1969 r 00010 d
010 _a31501
011 _a32473
035 _a36588
040 _cCHAP
082 _a636.085
_bC73 1969
100 0 0 _aCrampton, E. W.
_928826
245 _aApplied animal nutrition
250 _a2 ed.
260 _aSan Francisco :
_bFreeman,
_c1969
300 _a753 p.
490 _aA series of books in agricultural sciences
_v; animal science
590 _aBATCH-UPD
_b10
_c20130110
_lUCH01
_h0333
590 _aBATCH-UPD
_b10
_c20130110
_lUCH01
_h2019
590 _aBATCH-UPD
_b10
_c20130410
_lUCH01
_h0006
590 _aBATCH-UPD
_b10
_c20130913
_lUCH01
_h1808
590 _aBATCH-UPD
_b10
_c20130914
_lUCH01
_h1056
590 _aCONVERSION
_b10
_c20130109
_lUCH01
_h1318
650 1 4 _aAlimentos y alimentación del ganado.
_94326
650 1 4 _aNutrición animal.
700 0 _aHarris, Lorin E.
_952870
830 0 _aA series of books in agricultural sciences
_v; animal science
_989
901 _aBK
942 _cLIBRO
949 _a636.085 C73 1969
_bBC
_cLIBRO
_d33724000266508
_eLIBRO
_h30373
_i36588
_si
949 _a636.085 C73 1969
_bBC
_cLIBRO
_d33724000266516
_eLIBRO
_fc.2
_h37943
_i36588
_si
949 _a636.085 C73 1969
_bBC
_cLIBRO
_d33724000266524
_eLIBRO
_fc.3
_h39633
_i36588
_si
999 _c31501
_d31501